| 000 | 00387cam a2200157ua 4500 | ||
|---|---|---|---|
| 003 | OSt | ||
| 005 | 20260221110931.0 | ||
| 008 | 260221b |||||||| |||| 00| 0 eng d | ||
| 041 | _aeng | ||
| 082 |
_a621.37 _bBUR/AU |
||
| 100 |
_aBurdett, G A T . _97873 |
||
| 245 | _aAutomatic control handbook / | ||
| 260 |
_aLondon : _bGeorge Newnes Ltd , _c1962. |
||
| 300 | _a2004 ; . | ||
| 942 | _cBK | ||
| 999 |
_c3849 _d3849 |
||